000 nam a22 a 4500
999 _c4673
_d4673
003 AKMAL
005 20170727152634.0
008 170727s2017 my | e l 000 0 may d
020 _cRM42.00
082 0 4 _a345.59505 MAL
_222
090 0 0 _a345.59505
_bMAL
110 1 _aMalaysia
_9400
245 1 0 _aKanun Acara Jenayah Akta 593 :
_bsemua pindaan hingga Mac 2017 /
_cdisusun semula oleh Penasihat Undang-Undang MDC
260 _aKuala Lumpur :
_bMDC Publishers,
_c2017
300 _a302ms. ;
_c27cm.
650 1 0 _aCriminal procedure
_zMalaysia
_93883
650 2 0 _aCriminal law
_zMalaysia
_93716
942 _2ddc
_cBOOK
950 _lAKMAL